=LDR 00000nam 2200000 4500 =001 INLIS000000000050395 =005 20170503022812 =035 ##$$a 0010-0517000048 =007 ta =008 170503###########################0###### =020 ##$$a 978-602-391-111-0 =082 ##$$a 658.87 =084 ##$$a 658.87 BHA k =100 #$$a Bhayangkara, Ino =245 1#$$a Kitab super lengkap waralaba /$c Ino Bhayangkara =250 ##$$a Cet.1 =260 ##$$a Yogyakarta :$b Laksana,$c 2016 =300 ##$$a 324 hlm. : $b Ilus ; $c 24 cm =650 ##$$a Waralaba =990 ##$$a 77217721 =990 ##$$a 77217721 =990 ##$$a 31700871 =990 ##$$a 02201707721 =990 ##$$a 31700872 =990 ##$$a 31700871